Nočná taxislužba

Bibliographic Details
Main Author: Schwartz, J.V (Author)
Other Authors: Ondreička, Karol (gup)
Format: Article
Language:Slovak
Subjects:

MARC

LEADER 00000nab a2200000 a 4500
001 vtls000050075
003 SK-MaSNL
005 20260303032957.0
008 111103c1980 xo 0 slo
015 |a SNBRB19rr/mm-uuuuu 
035 |a CL0060172 
040 |a SNKBUCL  |b slo  |c SNKBUCL  |e AACR2 
041 0 |a slo 
044 |a xo  |c SK 
080 |a 885.4-3  |2 1981 
100 1 |a Schwartz, J.V.  |4 aut  |9 1016086 
245 1 0 |a Nočná taxislužba  |c J.V. Schwartz ; Karol Ondreička 
650 0 7 |a príbehy zo života  |2 snkbucl  |9 270441 
655 7 |a články z novín a časopisov  |2 snkbucl  |9 267496 
655 7 |a články z odboru literárna veda a krásna literatúra  |2 snkbucl  |9 770045 
700 1 |a Ondreička, Karol  |4 gup  |9 277409 
773 0 |t Stop  |g Roč. 10, č. 1 (1980), s. 26-27 
850 |a Slovenská národná knižnica v Martine  |a MTA001 
852 |a SNK  |b KIS3GCP 
958 |a RK 
958 |a LX 
992 |a RBX 
999 |c 1668087  |d 1670017